Systém vymeniteľného ejektora výfuku dvojtaktného spaľovacie motora /

Uložené v:
Podrobná bibliografia
Hlavní autori: Puškár, Michal (Inventor), Bigoš, Peter (Inventor)
Korporatívny autor: Technická univerzita v Košiciach (Košice, SK) (Patent holder)
Médium: Patent
Jazyk:Slovak
Vydané: Banská Bystrica : Úrad priemyselného vlastníctva SR, 2017.
Témy:
On-line prístup:https://wbr.indprop.gov.sk/WebRegistre/Patent/Detail/106-2011
Fyzický popis: 5 strán.
Tagy: Pridať tag
Žiadne tagy, Buďte prvý kto otaguje tento záznam!

MARC

LEADER 00000nam^a2200000^a^4500
001 000565430
003 SVKKK
005 20171109103225.0
008 171109s2017 xo f j #0|| 0#slo^c
013 |a 106-2011  |d 2. 7. 2013  |d 25. 9. 2017 
040 |a SVKKK  |b slo  |c SVKKK  |e AACR2 
041 0 |a slo 
044 |a xo  |c SK 
084 |a F01N 13/00  |2 MPT 
084 |a F02B 27/00  |2 MPT 
100 1 |a Puškár, Michal  |4 inv 
245 1 0 |a Systém vymeniteľného ejektora výfuku dvojtaktného spaľovacie motora /  |c Puškár Michal. 
260 |a Banská Bystrica :  |b Úrad priemyselného vlastníctva SR,  |c 2017. 
300 |a 5 strán. 
655 7 |a patenty  |2 SVKPH 
700 1 |a Puškár, Michal  |4 inv 
700 1 |a Bigoš, Peter  |4 inv 
710 2 |a Technická univerzita v Košiciach (Košice, SK)  |4 pth 
856 4 0 |u https://wbr.indprop.gov.sk/WebRegistre/Patent/Detail/106-2011 
910 |a svkkk 
998 |a PA 
090 |g SCKHL  |k SK41  |a 288 510  |j 4269  |i 2720495696  |s Vyradená